[Event "Schneeberg op"]
[Site "Schneeberg"]
[Date "2009.03.10"]
[Round "3"]
[White "Schoenfelder, Claus"]
[Black "Opitz, Frank"]
[Result "1/2-1/2"]
[WhiteElo "1542"]
[BlackElo "2009"]
[PlyCount "31"]
[EventDate "2009.03.09"]
[EventType "swiss"]
[EventRounds "7"]
[EventCountry "GER"]
[SourceTitle "EXT 2010"]
[Source "ChessBase"]
[SourceDate "2010.11.25"]
[SourceVersion "1"]
[SourceVersionDate "2010.11.25"]
[SourceQuality "1"]

1. e4 d5 2. exd5 Qxd5 3. Nf3 Bg4 4. Be2 c6 5. Nc3 Qd8 6. d3 Nf6 7. h3 Bxf3 8. Bxf3 e6 9. a3 Qc7 10. 0-0 Nbd7 11. Bg5 Bd6 12. Ne4 Nxe4 13. Bxe4 Bh2+ 14. Kh1 Bf4 15. Bxf4 Qxf4 16. Qc1 1/2-1/2